|
|
|
|
| LEADER |
00000nab a2200000 a 4500 |
| 001 |
vtls000753202 |
| 003 |
SK-MaSNL |
| 005 |
20260304033522.0 |
| 008 |
160324c2000 xo 0 slo |
| 015 |
|
|
|a SNBRB2001/04-10815
|
| 035 |
|
|
|a CLN000104989
|
| 040 |
|
|
|a SNKBUCL
|b slo
|c SNKBUCL
|e AACR2
|
| 041 |
0 |
|
|a slo
|
| 044 |
|
|
|a xo
|c SK
|
| 080 |
|
|
|a 78.071.2
|2 1997
|
| 100 |
1 |
|
|a Erdziak, Pavol,
|d 1950-
|4 aut
|9 115713
|
| 245 |
1 |
0 |
|a Svatopluk Karásek
|c Pavol Erdziak
|
| 300 |
|
|
|b Fotogr.
|
| 600 |
1 |
7 |
|a Karásek, Svatopluk,
|d 1942-2020
|2 snkbucl
|9 104207
|
| 655 |
|
7 |
|a články z novín a časopisov
|2 snkbucl
|9 267496
|
| 773 |
0 |
|
|t Muzikant
|g Roč. 1, č. 9 (2000), s. 16
|
| 850 |
|
|
|a Slovenská národná knižnica v Martine
|
| 852 |
|
|
|a SNK
|b KIS3GCP
|
| 958 |
|
|
|a CZ
|
| 958 |
|
|
|a RBX
|
| 999 |
|
|
|c 2648522
|d 2650452
|